• 首页
  • 本馆介绍
  • 公告通知
  • 最新文献
  • 馆藏检索
  • 电子资源
  • 读者导购
  • 参考咨询
  • 我的图书馆
  • 登录
  • 详细信息显示
  • 放入我的书架
  • 预约/预借图书
  • 作者相关作品
  • 分类相关作品
  • 丛书相关作品
  • 出版社相关作品

书目信息

  • 表格格式
  • 工作单格式
  • 卡片格式
题名:
设计师谈配色艺术
    
 
作者: 李在万 著 ;周钦华 译
分册:  
出版信息: 北京   电子工业出版社  2005
页数: 14,151页
开本: 23cm
丛书名: 飞思数码设计院
单 册:
中图分类: J063
科图分类:
主题词: 色彩学 , 色彩学--基本知识
电子资源:
ISBN: 7-121-01706-7
000 00960oam2 2200289 450
001 003007582
005 20061121110800.06
010    @a7-121-01706-7@dCNY38.00
100    @a20051101d2005 em y0chiy0110 ea
101 1  @achi@ckor
102    @aCN@b110000
105    @aa z 000yy
200 1  @a设计师谈配色艺术@9she ji shi tan pei se yi shu@dColor harmony@f(韩)李在万著@g周钦华译@zeng
210    @a北京@c电子工业出版社@d2005
215    @a14,151页@c图@d23cm
225 2  @a飞思数码设计院
305    @a由Iljinsa Publishing Co. 授权出版
330    @a本书通过照片、广告等实例,介绍了从基础色彩的理解,到色彩印象表现、设计印象表现、色彩策划、配色效果等内容。
461  0 @12001 @a飞思数码设计院
510 1  @aColor harmony@zeng
606 0  @a色彩学
606 0  @a色彩学@x基本知识
690    @aJ063@v4
701  0 @c(韩)@a李在万@9li zai wan@4著
702  0 @a周钦华@9zhou qin hua@c(艺术设计)@4译
801  0 @aCN@bNLC@c20061121
905    @a10447@dJ063@e162
    
    设计师谈配色艺术=Color harmony/(韩)李在万著/周钦华译.-北京:电子工业出版社,2005
    14,151页:图;23cm.-(飞思数码设计院)
    
    
    ISBN 7-121-01706-7:CNY38.00
    本书通过照片、广告等实例,介绍了从基础色彩的理解,到色彩印象表现、设计印象表现、色彩策划、配色效果等内容。
●
相关链接 在E读中查询图书 在五车中查询图书 在当当中查询图书 在豆瓣中查询图书


正题名:设计师谈配色艺术     索取号:J063/162         预约/预借

序号 登录号 条形码 馆藏地/架位号 状态 备注
1 0394058   203940584   第一样本阅览室/ [索取号:J063/162] 在馆    
2 0394059   203940593   第一借阅区/ [索取号:J063/162] 在馆    
3 0394060   203940600   第一借阅区/ [索取号:J063/162] 在馆    
4 0394061   203940619   第一借阅区/ [索取号:J063/162] 在馆    
5 0394062   203940628   第一借阅区/ [索取号:J063/162] 在馆    
唐山师范学院图书馆 欢迎您!
大连网信软件有限公司© 版权所有